En las fuentes de la vida cristiana: Una teología del bautismo-confirmación

Saved in:
Bibliografiske detaljer
Hovedforfatter: Taborda, Francisco (Author)
Format: Bog
Sprog:spansk
Udgivet: Santander Sal Terrae 2013
Udgivelse:1a. ed
Serier:Colección Presencia Teológica, 207
Fag:
Tags: Tilføj Tag
Ingen Tags, Vær først til at tagge denne postø!

MARC

LEADER 00000cam a2200000 a 4500
001 UCE1935
003 CL-VaPUC
008 140526e20130000sp |||||||||||||||||spa|d
020 |a 9788429321104 
082 0 4 |a 234.161  |b TAB  |2 21 
100 0 |a Taborda, Francisco  |e author  |9 574375 
245 1 0 |a En las fuentes de la vida cristiana: Una teología del bautismo-confirmación 
250 |a 1a. ed 
300 |a 326 p 
942 |c BK 
945 |d 20140526 07:41:00  |a dcastane 
260 |a Santander  |b Sal Terrae  |c 2013 
650 0 |a Sacramentos   |9 257270 
650 0 |a Bautismo  |9 314393 
650 0 |a Rituales  |9 349198 
583 |a last modification  |c 20140526 07:41:00  |k Rodrigo Vera 
490 0 |a Colección Presencia Teológica, 207 
999 |c 355618  |d 355616 
952 |0 0  |1 0  |3 erb  |4 0  |6 234_161000000000000_TAB_2013  |7 0  |8 A  |9 462393  |a BIBTEO  |b BIBTEO  |i 5079160  |o 234.161 TAB 2013  |p 5079160  |r 2025-01-17  |w 2019-11-23  |y BK  |z Catalogado en:20140526  |k ICR